Doctor Strange (2016) character screen time - Statistics

General Stats
  • This quiz has been taken 90 times
  • The average score is 7 of 11
Answer Stats
screen time Answer % Correct
73:30 Dr. Stephen Strange
100%
17:15 The Ancient One
95%
7:00 Wong
92%
2:00 Dormammu
78%
17:45 Karl Mordo
77%
12:45 Kaecilius
69%
12:45 Dr. Christine Palmer
66%
:45 Thor
42%
1:30 Dr. Nicodemus West
32%
3:45 Lucian
23%
2:45 Jonathan Pangborn
22%
No matching quizzes found
Score Distribution
Percent of People with Each Score
Percentile by Number Answered
Your Score History
You have not taken this quiz